| 000 | 00738cam a2200181 4500 | ||
|---|---|---|---|
| 001 | WS110504 | ||
| 008 | 000000n 000 0 eng u | ||
| 035 | _a(Sirsi) u110504 | ||
| 110 |
_aConfederation Internationale des Negociants en Ouvres D'art _94014 |
||
| 245 | _aConfederation Internationale des Negociants en Ouvres D'art (CINOA) | ||
| 520 | _aSite for this international organisation to 'encourage artistic development throughout the world'. Includes a searchable list of galleries and a members area. | ||
| 650 | _aART GALLERIES | ||
| 650 | _aINTERNATIONAL | ||
| 650 | _aORGANISATION | ||
| 690 |
_aArts and antiques _96217 |
||
| 856 | 4 | 0 |
_uhttps://www.cinoa.org _zView the website free of charge at www.cinoa.org... |
| 942 | _n0 | ||
| 999 |
_c119765 _d119765 |
||